Năng lượng sinh học

Đã lưu trong:
Sonraí Bibleagrafaíochta
Príomhúdar: Nguyễn, Quốc Khang
Formáid: Leabhar
Teanga:Undetermined
Foilsithe: Hà Nội Khoa học Kỹ thuật 2002
Ábhair:
Clibeanna: Cuir Clib Leis
Gan Chlibeanna, Bí ar an gcéad duine leis an taifead seo a chlibeáil!
Thư viện lưu trữ: Trung tâm Học liệu Trường Đại học Cần Thơ
LEADER 00533nam a2200193Ia 4500
001 CTU_63302
008 210402s9999 xx 000 0 und d
020 |b 31000 
082 |a 572.43 
082 |b Kh106 
100 |a Nguyễn, Quốc Khang 
245 0 |a Năng lượng sinh học 
245 0 |c Nguyễn Quốc Khang 
260 |a Hà Nội 
260 |b Khoa học Kỹ thuật 
260 |c 2002 
650 |a Energy metabolism 
904 |i Mai Loan 
980 |a Trung tâm Học liệu Trường Đại học Cần Thơ